000
00311nam a2200121Ia 4500
008
190216s9999||||xx |||||||||||||| ||und||
100
_a
Oscar Knefler Rice
245
0
_a
Statistical Mechanics Thermodynamics And Kinetics
260
_b
Eurasia Pub-Ltd
_c
1967
300
_a
556p
650
_a
Physics
942
_c
BK
999
_c
33045
_d
33045